[Event "Scarborough Foundation 47th"]
[Site "Scarborough"]
[Date "2024.10.26"]
[Round "2.28"]
[White "Conyers-Kelly, Toby"]
[Black "Virgos Matilla, Luis"]
[Result "0-1"]
[WhiteElo "1191"]
[BlackElo "1462"]
[PlyCount "34"]
[EventDate "2024.10.25"]
[EventType "swiss"]
[EventRounds "5"]
[EventCountry "ENG"]
[SourceTitle "BritBase"]
[Source "John Saunders"]
[SourceDate "2025.02.10"]
[SourceVersion "1"]
[SourceVersionDate "2025.02.10"]
[SourceQuality "1"]

1. d4 Nf6 2. Nc3 e6 3. b3 d5 4. Bb2 a6 5. Nf3 Bd6 6. e3 O-O 7. Bd3 Nbd7 8. Qe2 Re8 9. e4 Bb4 10. e5 Ne4 11. Bxe4 dxe4 12. Qxe4 Nb6 13. a3 Be7 14. O-O-O c6 15. Kb1 Nd5 16. Nxd5 cxd5 17. h4 dxe4 0-1

[Event "Scarborough Foundation 47th"]
[Site "Scarborough"]
[Date "2024.10.26"]
[Round "2.29"]
[White "Roberts, David"]
[Black "Harold, Lawrence"]
[Result "0-1"]
[WhiteElo "1105"]
[BlackElo "1422"]
[PlyCount "94"]
[EventDate "2024.10.25"]
[EventType "swiss"]
[EventRounds "5"]
[EventCountry "ENG"]
[SourceTitle "BritBase"]
[Source "John Saunders"]
[SourceDate "2025.02.10"]
[SourceVersion "1"]
[SourceVersionDate "2025.02.10"]
[SourceQuality "1"]

1. d4 Nf6 2. c4 e6 3. Nf3 Bb4+ 4. Bd2 Bxd2+ 5. Nbxd2 O-O 6. e3 b6 7. Bd3 Bb7 8. O-O g6 9. a3 d6 10. Re1 Kg7 11. b4 a6 12. Qc2 Nbd7 13. c5 Bxf3 14. Nxf3 d5 15. c6 Nb8 16. Ne5 Qd6 17. Reb1 Ng8 18. b5 axb5 19. a4 Na6 20. Rxb5 Nb4 21. Qc3 Nxd3 22. Qxd3 Ra5 23. g3 Rfa8 24. f3 Ne7 25. e4 Nxc6 26. Nxc6 Qxc6 27. exd5 exd5 28. Kg2 Rxa4 29. Rxa4 Rxa4 30. Qe2 Qe6 31. Qc2 Rxd4 32. Qc3 Qe2+ 33. Kg1 Qc4 34. Qb2 f6 35. Kg2 Rd3 36. Rb4 Qc3 37. Qxc3 Rxc3 38. Ra4 c5 39. Ra7+ Kh6 40. f4 d4 41. h4 Re3 42. Kh3 d3 43. Rd7 c4 44. Kg4 f5+ 45. Kh3 c3 46. Rd6 d2 47. Rd5 c2 0-1

[Event "Scarborough Foundation 47th"]
[Site "Scarborough"]
[Date "2024.10.26"]
[Round "2.30"]
[White "Clark, Steven"]
[Black "Dickson, Diane"]
[Result "1-0"]
[WhiteElo "1361"]
[BlackElo "1189"]
[PlyCount "67"]
[EventDate "2024.10.25"]
[EventType "swiss"]
[EventRounds "5"]
[EventCountry "ENG"]
[SourceTitle "BritBase"]
[Source "John Saunders"]
[SourceDate "2025.02.10"]
[SourceVersion "1"]
[SourceVersionDate "2025.02.10"]
[SourceQuality "1"]

1. e4 d6 2. d4 Nf6 3. Nc3 g6 4. Bf4 Bg7 5. Nf3 O-O 6. e5 c5 7. dxc5 Qa5 8. exf6 Bxf6 9. cxd6 Re8 10. Be2 e6 11. Bb5 Bxc3+ 12. bxc3 Qxc3+ 13. Bd2 Qa3 14. Bxe8 Qxd6 15. Ng5 Qe5+ 16. Be3 Bd7 17. Bxf7+ Kg7 18. Qd4 Qxd4 19. Bxd4+ Kh6 20. O-O-O Nc6 21. Bf6 Rd8 22. Rd3 e5 23. Bxd8 Nb4 24. Rxd7 Nxa2+ 25. Bxa2 Kh5 26. Rxh7+ Kg4 27. f3+ Kf4 28. Rf7+ Ke3 29. Re1+ Kf2 30. Rxe5 a6 31. Bb6+ Kxg2 32. Re2+ Kf1 33. Rf2+ Ke1 34. Re7# 1-0

[Event "Scarborough Foundation 47th"]
[Site "Scarborough"]
[Date "2024.10.26"]
[Round "2.31"]
[White "Haydock, Natalie"]
[Black "Britton, Nicola"]
[Result "1-0"]
[WhiteElo "1337"]
[BlackElo "1160"]
[PlyCount "57"]
[EventDate "2024.10.25"]
[EventType "swiss"]
[EventRounds "5"]
[EventCountry "ENG"]
[SourceTitle "BritBase"]
[Source "John Saunders"]
[SourceDate "2025.02.10"]
[SourceVersion "1"]
[SourceVersionDate "2025.02.10"]
[SourceQuality "1"]

1. e4 c6 2. d4 d5 3. exd5 cxd5 4. Nc3 Nf6 5. Nf3 Nc6 6. Ne5 Nxe5 7. dxe5 d4 8. exf6 dxc3 9. Qxd8+ Kxd8 10. fxe7+ Bxe7 11. bxc3 Bc5 12. Be3 Re8 13. O-O-O+ Bd6 14. Rxd6+ Kc7 15. Bf4 Bf5 16. Rd5+ Kc6 17. Rxf5 Re1+ 18. Kd2 Re4 19. g3 Rd8+ 20. Kc1 Re1+ 21. Kb2 a6 22. Bg2+ Kb6 23. Rxe1 Ka7 24. Rxf7 Kb6 25. Re6+ Ka5 26. Bc7+ Ka4 27. Bxd8 b5 28. Rf4+ b4 29. Rxb4# 1-0

[Event "Scarborough Foundation 47th"]
[Site "Scarborough"]
[Date "2024.10.26"]
[Round "2.32"]
[White "Baker, Andrew"]
[Black "Harle, George"]
[Result "1-0"]
[WhiteElo "1321"]
[BlackElo "1094"]
[PlyCount "47"]
[EventDate "2024.10.25"]
[EventType "swiss"]
[EventRounds "5"]
[EventCountry "ENG"]
[SourceTitle "BritBase"]
[Source "John Saunders"]
[SourceDate "2025.02.10"]
[SourceVersion "1"]
[SourceVersionDate "2025.02.10"]
[SourceQuality "1"]

1. e4 e5 2. Nf3 Nc6 3. d4 Nf6 4. d5 Nb4 5. a3 Na6 6. Bxa6 bxa6 7. Nc3 Bc5 8. Nxe5 d6 9. Be3 Qe7 10. Nc6 Qd7 11. Bxc5 dxc5 12. Qd3 Qg4 13. O-O O-O 14. Ne7+ Kh8 15. Nxc8 Raxc8 16. Rfe1 Nh5 17. Ne2 Rb8 18. Rab1 Rfe8 19. Ng3 Nf4 20. Qxa6 Rb6 21. Qxa7 Rh6 22. Qa4 Nh3+ 23. gxh3 Qxh3 24. Qxe8# 1-0

[Event "Scarborough Foundation 47th"]
[Site "Scarborough"]
[Date "2024.10.26"]
[Round "2.33"]
[White "Choudhury, Zan"]
[Black "Wright, George A"]
[Result "0-1"]
[WhiteElo "1020"]
[BlackElo "1320"]
[PlyCount "86"]
[EventDate "2024.10.25"]
[EventType "swiss"]
[EventRounds "5"]
[EventCountry "ENG"]
[SourceTitle "BritBase"]
[Source "John Saunders"]
[SourceDate "2025.02.10"]
[SourceVersion "1"]
[SourceVersionDate "2025.02.10"]
[SourceQuality "1"]

1. e4 c6 2. d3 d5 3. Nc3 dxe4 4. Nxe4 Bf5 5. Ng3 Bg6 6. Nf3 Nd7 7. d4 Ngf6 8. h3 h6 9. a3 e6 10. Nh4 Bh7 11. Bc4 Nb6 12. Ba2 Bd6 13. Nh5 O-O 14. b4 Nfd5 15. Bb2 Qxh4 16. Qg4 Qxg4 17. hxg4 Bxc2 18. O-O Na4 19. Bc1 Nac3 20. Bc4 b5 21. Nf6+ Nxf6 22. Bd3 Bxd3 23. Re1 Ne2+ 24. Rxe2 Bxe2 25. Be3 Nxg4 26. f3 Nxe3 27. Re1 Nc2 28. Rxe2 Nxa3 29. d5 cxd5 30. Rb2 Rac8 31. Kf2 Rc2+ 32. Rxc2 Nxc2 33. g4 Nxb4 34. Ke3 Rc8 35. Kd4 a5 36. g5 hxg5 37. f4 Rc4+ 38. Ke3 gxf4+ 39. Kf3 a4 40. Ke2 a3 41. Kd2 Rc2+ 42. Kd1 a2 43. Ke1 a1=Q# 0-1

[Event "Scarborough Foundation 47th"]
[Site "Scarborough"]
[Date "2024.10.26"]
[Round "2.34"]
[White "Ward, Colin"]
[Black "Noble, Ronnie"]
[Result "1-0"]
[WhiteElo "1001"]
[BlackElo "1305"]
[PlyCount "115"]
[EventDate "2024.10.25"]
[EventType "swiss"]
[EventRounds "5"]
[EventCountry "ENG"]
[SourceTitle "BritBase"]
[Source "John Saunders"]
[SourceDate "2025.02.10"]
[SourceVersion "1"]
[SourceVersionDate "2025.02.10"]
[SourceQuality "1"]

1. e4 e6 2. d4 b6 3. Nf3 Bb7 4. Nc3 Bb4 5. Bd2 c5 6. a3 Bxc3 7. Bxc3 cxd4 8. Bxd4 Nf6 9. Bxf6 Qxf6 10. e5 Qe7 11. Qd3 O-O 12. Qd6 Qd8 13. O-O-O Bc6 14. Bd3 f5 15. b4 b5 16. h4 a6 17. Ng5 Bxg2 18. Nxe6 dxe6 19. Qxe6+ Kh8 20. Rhg1 Bd5 21. Qd6 Qxd6 22. exd6 Bf3 23. Rde1 Nc6 24. Re3 Bh5 25. Rge1 Rad8 26. Re6 Rf6 27. Rxf6 gxf6 28. Re6 Kg7 29. Bxf5 Bf7 30. Re4 Rxd6 31. Rg4+ Kh8 32. Bc8 Bh5 33. Rf4 a5 34. bxa5 Nxa5 35. Bg4 Bf7 36. Rb4 Be8 37. Be2 Rd5 38. a4 bxa4 39. Rb8 Re5 40. Bb5 Re1+ 41. Kb2 Kg7 42. Bxe8 Nc4+ 43. Kc3 Ne5 44. Bxa4 Re4 45. Rb7+ Kh6 46. Bb5 Rxh4 47. Bd3 Nxd3 48. cxd3 Rf4 49. d4 Rxf2 50. Rb6 Kg5 51. Kc4 Rf4 52. Kc5 h5 53. d5 Rf5 54. Kc6 h4 55. d6 h3 56. d7 Rc5+ 57. Kxc5 h2 58. Rb1 1-0

[Event "Scarborough Foundation 47th"]
[Site "Scarborough"]
[Date "2024.10.26"]
[Round "2.35"]
[White "Cockerill, Martin K"]
[Black "Hutchinson, Stephen A"]
[Result "1-0"]
[WhiteElo "1304"]
[BlackElo "1072"]
[PlyCount "99"]
[EventDate "2024.10.25"]
[EventType "swiss"]
[EventRounds "5"]
[EventCountry "ENG"]
[SourceTitle "BritBase"]
[Source "John Saunders"]
[SourceDate "2025.02.10"]
[SourceVersion "1"]
[SourceVersionDate "2025.02.10"]
[SourceQuality "1"]

1. d4 d5 2. c4 Nf6 3. Nc3 e6 4. Bg5 Be7 5. Nf3 O-O 6. e3 Nc6 7. Bd3 b6 8. O-O Bb7 9. a3 h6 10. Bh4 Na5 11. cxd5 Nxd5 12. Bg3 Nxc3 13. bxc3 Bd5 14. Re1 Nb3 15. Rb1 Na5 16. a4 Bc6 17. Bb5 Bxb5 18. axb5 Nc4 19. Qd3 Qd5 20. e4 Qd7 21. Qxc4 Rad8 22. Qxc7 Qxc7 23. Bxc7 Rc8 24. Bg3 Rxc3 25. Rec1 Rfc8 26. Rxc3 Rxc3 27. Ne5 f6 28. Nc6 Ba3 29. Nxa7 Rd3 30. Nc6 Rd2 31. Bf4 Re2 32. Be3 Rc2 33. d5 exd5 34. exd5 Re2 35. Bxb6 Bb2 36. Be3 f5 37. Ne7+ Kf7 38. Nxf5 g6 39. Nxh6+ Kg7 40. b6 Be5 41. b7 Kh7 42. Ng4 Bd6 43. g3 Bb8 44. Bf4 Bxf4 45. gxf4 g5 46. b8=Q gxf4 47. Qxf4 Re7 48. Qh6+ Kg8 49. Rb8+ Kf7 50. Qh7# 1-0

[Event "Scarborough Foundation 47th"]
[Site "Scarborough"]
[Date "2024.10.26"]
[Round "3.1"]
[White "Watson, Andrew T"]
[Black "Springett, Michael"]
[Result "0-1"]
[WhiteElo "1532"]
[BlackElo "1495"]
[PlyCount "106"]
[EventDate "2024.10.25"]
[EventType "swiss"]
[EventRounds "5"]
[EventCountry "ENG"]
[SourceTitle "BritBase"]
[Source "John Saunders"]
[SourceDate "2025.02.10"]
[SourceVersion "1"]
[SourceVersionDate "2025.02.10"]
[SourceQuality "1"]

1. d4 e6 2. c4 f5 3. Nc3 c6 4. Bf4 d5 5. cxd5 cxd5 6. a3 a6 7. e3 Bd6 8. Qa4+ Nc6 9. Bxd6 Qxd6 10. Nb5 Qb8 11. Nc3 Bd7 12. Qc2 Nf6 13. f3 O-O 14. Bd3 f4 15. Qd2 fxe3 16. Qxe3 Qa7 17. Nge2 e5 18. Qg5 Nxd4 19. Nxd4 Qxd4 20. O-O-O Qf4+ 21. Qxf4 exf4 22. Bc2 Be6 23. Rd4 g5 24. Re1 Kf7 25. Re5 h6 26. Bb3 Rac8 27. Kd2 Nd7 28. Re1 Nb6 29. Rb4 Rc6 30. a4 Rb8 31. Rd4 Nc4+ 32. Bxc4 Rxc4 33. Rxc4 dxc4 34. Re5 Ke7 35. Ne4 Rd8+ 36. Ke1 Rd5 37. Rxd5 Bxd5 38. Kd2 Bxe4 39. fxe4 b5 40. axb5 axb5 41. Kc3 Ke6 42. Kb4 g4 43. Kc3 Ke5 44. Kd2 Kxe4 45. Ke2 b4 46. Kd2 f3 47. gxf3+ Kxf3 48. Ke1 c3 49. h4 cxb2 50. h5 b1=Q+ 51. Kd2 Qb2+ 52. Kd1 Ke3 53. Ke1 Qe2# 0-1

[Event "Scarborough Foundation 47th"]
[Site "Scarborough"]
[Date "2024.10.26"]
[Round "3.2"]
[White "Ronald, Ken"]
[Black "Singh, Amandeep"]
[Result "0-1"]
[WhiteElo "1525"]
[BlackElo "1488"]
[PlyCount "97"]
[EventDate "2024.10.25"]
[EventType "swiss"]
[EventRounds "5"]
[EventCountry "ENG"]
[SourceTitle "BritBase"]
[Source "John Saunders"]
[SourceDate "2025.02.10"]
[SourceVersion "1"]
[SourceVersionDate "2025.02.10"]
[SourceQuality "1"]

1. d4 Nf6 2. c4 g6 3. Nc3 Bg7 4. e4 d6 5. h3 O-O 6. Nf3 Nbd7 7. Be2 c5 8. d5 a6 9. a4 Qa5 10. Bd2 Qb6 11. O-O Qc7 12. Qc1 Re8 13. Bh6 Bh8 14. Nh2 e5 15. g4 Nf8 16. h4 Qd8 17. h5 Rb8 18. Qe3 Bg7 19. f4 Bxh6 20. g5 Bg7 21. gxf6 Bxf6 22. Kh1 Qe7 23. Rg1 exf4 24. Qxf4 Be5 25. Qf2 Bd4 26. Qf3 Bxg1 27. Rxg1 Nd7 28. Ng4 Qh4+ 29. Kg2 Ne5 30. Nxe5 Rxe5 31. Rh1 Qg5+ 32. Kf2 Re8 33. Nd1 Rf8 34. Rg1 Qh4+ 35. Ke3 Bd7 36. b3 Rfe8 37. Bd3 Qe7 38. Nf2 Qe5 39. Ng4 Qd4+ 40. Kf4 Qxg1 41. Nf6+ Kh8 42. Nxd7 Qc1+ 43. Kg4 f5+ 44. exf5 gxf5+ 45. Bxf5 Rg8+ 46. Bg6 Qg1+ 47. Kh4 Qh2+ 48. Kg5 h6+ 49. Kf5 0-1

[Event "Scarborough Foundation 47th"]
[Site "Scarborough"]
[Date "2024.10.26"]
[Round "3.3"]
[White "Brown, Stephanie"]
[Black "Tunnacliffe, Alan"]
[Result "1/2-1/2"]
[WhiteElo "1457"]
[BlackElo "1517"]
[PlyCount "86"]
[EventDate "2024.10.25"]
[EventType "swiss"]
[EventRounds "5"]
[EventCountry "ENG"]
[SourceTitle "BritBase"]
[Source "John Saunders"]
[SourceDate "2025.02.10"]
[SourceVersion "1"]
[SourceVersionDate "2025.02.10"]
[SourceQuality "1"]

1. d4 Nf6 2. c4 g6 3. Nc3 Bg7 4. Nf3 d6 5. Bg5 O-O 6. e4 h6 7. Bh4 c6 8. Be2 Nbd7 9. O-O Qc7 10. Nd2 e5 11. Nf3 Re8 12. d5 cxd5 13. Bxf6 Nxf6 14. Nxd5 Nxd5 15. Qxd5 Be6 16. Qd3 Rac8 17. b3 f5 18. Nh4 Qf7 19. Rad1 Red8 20. Rd2 f4 21. g4 Bf6 22. Ng2 Be7 23. h4 Rf8 24. f3 Rc6 25. Kf2 Bd8 26. Rc2 Ba5 27. Rh1 Qc7 28. h5 g5 29. Rb1 Qb6+ 30. Kf1 Qc5 31. Ne3 fxe3 32. Kg2 Bd2 33. Rcb2 Qb6 34. Qc2 Qc7 35. a4 Qf7 36. Rf1 a6 37. Qb1 Rfc8 38. Qc2 b5 39. axb5 axb5 40. Qb1 b4 41. Ra2 Bc3 42. Ra5 Qc7 43. Qa2 Rb6 1/2-1/2

[Event "Scarborough Foundation 47th"]
[Site "Scarborough"]
[Date "2024.10.26"]
[Round "3.5"]
[White "Harold, Lawrence"]
[Black "Kundan Khan, Sara"]
[Result "0-1"]
[WhiteElo "1422"]
[BlackElo "1507"]
[PlyCount "110"]
[EventDate "2024.10.25"]
[EventType "swiss"]
[EventRounds "5"]
[EventCountry "ENG"]
[SourceTitle "BritBase"]
[Source "John Saunders"]
[SourceDate "2025.02.10"]
[SourceVersion "1"]
[SourceVersionDate "2025.02.10"]
[SourceQuality "1"]

1. e4 c5 2. f4 d6 3. Bb5+ Bd7 4. Bxd7+ Qxd7 5. Nf3 Nc6 6. O-O e6 7. c4 Nge7 8. Nc3 g6 9. d3 Bg7 10. Re1 O-O 11. Qd2 Nd4 12. Nxd4 Bxd4+ 13. Kh1 Nc6 14. a3 Bg7 15. Rb1 Nd4 16. Qd1 a6 17. Be3 b5 18. Bxd4 Bxd4 19. Ne2 Bg7 20. b3 bxc4 21. bxc4 Rab8 22. Qc2 Qc6 23. Nc3 Qc7 24. Ne2 Qa5 25. a4 Rb4 26. Rxb4 cxb4 27. Qb3 Rb8 28. Rc1 Qc7 29. g3 a5 30. d4 Qb7 31. d5 exd5 32. exd5 Re8 33. Ng1 Qe7 34. Kg2 Qe3 35. Qxe3 Rxe3 36. Kf1 b3 37. Rb1 b2 38. Kf2 Ra3 39. Nf3 Ra1 40. Nd2 Bc3 41. Ke2 Bxd2 42. Rxb2 Bb4 43. Kd3 Rxa4 44. Kc2 Ra3 45. Rb3 Rxb3 46. Kxb3 Kg7 47. Ka4 Kf6 48. Kb5 Kf5 49. c5 Bxc5 50. Kxa5 Kg4 51. Kb5 Kh3 52. Kc6 Kxh2 53. g4 Kg3 54. f5 Kxg4 55. fxg6 fxg6 0-1

[Event "Scarborough Foundation 47th"]
[Site "Scarborough"]
[Date "2024.10.26"]
[Round "3.6"]
[White "Wilson, Daniel"]
[Black "Kennedy, Liam"]
[Result "1-0"]
[WhiteElo "1503"]
[BlackElo "1419"]
[PlyCount "57"]
[EventDate "2024.10.25"]
[EventType "swiss"]
[EventRounds "5"]
[EventCountry "ENG"]
[SourceTitle "BritBase"]
[Source "John Saunders"]
[SourceDate "2025.02.10"]
[SourceVersion "1"]
[SourceVersionDate "2025.02.10"]
[SourceQuality "1"]

1. e4 c6 2. d4 d5 3. f3 e5 4. Nc3 exd4 5. Qxd4 Be6 6. Bf4 c5 7. Qa4+ Bd7 8. Bb5 d4 9. Nd5 Na6 10. c3 Bxb5 11. Qxb5+ Qd7 12. Qxd7+ Kxd7 13. O-O-O Nf6 14. Nxf6+ gxf6 15. cxd4 c4 16. a3 h5 17. Ne2 Nc7 18. Bxc7 Kxc7 19. Nc3 Be7 20. Nd5+ Kd6 21. Ne3 b5 22. Rhe1 Rac8 23. Kd2 Bf8 24. Nf5+ Ke6 25. Ke2 c3 26. bxc3 Rxc3 27. Rc1 Rxa3 28. Rc7 Bd6 29. Ng7# 1-0

[Event "Scarborough Foundation 47th"]
[Site "Scarborough"]
[Date "2024.10.26"]
[Round "3.7"]
[White "Barker, Ian"]
[Black "Fischer, Paul"]
[Result "1-0"]
[WhiteElo "1545"]
[BlackElo "1468"]
[PlyCount "45"]
[EventDate "2024.10.25"]
[EventType "swiss"]
[EventRounds "5"]
[EventCountry "ENG"]
[SourceTitle "BritBase"]
[Source "John Saunders"]
[SourceDate "2025.02.10"]
[SourceVersion "1"]
[SourceVersionDate "2025.02.10"]
[SourceQuality "1"]

1. e4 e5 2. Nf3 Nc6 3. Bb5 a6 4. Ba4 Nf6 5. O-O b5 6. Bb3 Bb7 7. c3 Bc5 8. d4 exd4 9. cxd4 Bb6 10. Re1 O-O 11. Bg5 d6 12. Nc3 h6 13. Bh4 Re8 14. Bc2 Qe7 15. Nd5 Qe6 16. Bxf6 gxf6 17. Nxb6 cxb6 18. Nh4 Ne7 19. Qh5 Kg7 20. Re3 Rh8 21. Rg3+ Kf8 22. Re3 Qc4 23. Bb3 1-0

[Event "Scarborough Foundation 47th"]
[Site "Scarborough"]
[Date "2024.10.26"]
[Round "3.8"]
[White "Johnson, Stanley"]
[Black "Coleman, Daniel"]
[Result "1/2-1/2"]
[WhiteElo "1415"]
[BlackElo "1532"]
[PlyCount "44"]
[EventDate "2024.10.25"]
[EventType "swiss"]
[EventRounds "5"]
[EventCountry "ENG"]
[SourceTitle "BritBase"]
[Source "John Saunders"]
[SourceDate "2025.02.10"]
[SourceVersion "1"]
[SourceVersionDate "2025.02.10"]
[SourceQuality "1"]

1. d4 d5 2. c4 c6 3. Nc3 Nf6 4. Nf3 Bf5 5. Qb3 Qb6 6. e3 e6 7. Be2 Be7 8. O-O O-O 9. c5 Qxb3 10. axb3 Nbd7 11. b4 a6 12. b3 Rfe8 13. Bb2 Bd8 14. b5 Rb8 15. bxa6 bxa6 16. Nd2 a5 17. Na4 Bc2 18. Ra3 e5 19. dxe5 Nxe5 20. Rc1 Bf5 21. Bc3 Nfd7 22. Bd4 Ng6 1/2-1/2

[Event "Scarborough Foundation 47th"]
[Site "Scarborough"]
[Date "2024.10.26"]
[Round "3.9"]
[White "Nettleship, Andrew"]
[Black "Green, Malcolm"]
[Result "0-1"]
[WhiteElo "1527"]
[BlackElo "1245"]
[PlyCount "56"]
[EventDate "2024.10.25"]
[EventType "swiss"]
[EventRounds "5"]
[EventCountry "ENG"]
[SourceTitle "BritBase"]
[Source "John Saunders"]
[SourceDate "2025.02.10"]
[SourceVersion "1"]
[SourceVersionDate "2025.02.10"]
[SourceQuality "1"]

1. e4 d6 2. d4 e6 3. Nf3 c6 4. g3 Be7 5. Bg2 Nf6 6. Nc3 b5 7. e5 Nfd7 8. O-O a5 9. Qe2 Ba6 10. Nd1 b4 11. Qd2 Bxf1 12. Kxf1 Qc7 13. Qg5 f6 14. Qg4 Bf8 15. Qxe6+ Be7 16. Bf4 dxe5 17. dxe5 Nxe5 18. Nxe5 fxe5 19. Bxe5 Qd7 20. Qxd7+ Nxd7 21. Bxg7 Rg8 22. Bxc6 Rc8 23. Bxd7+ Kxd7 24. Be5 Rxc2 25. Ne3 Rc5 26. Rd1+ Ke6 27. f4 Rf8 28. Kf2 Rxe5 0-1

[Event "Scarborough Foundation 47th"]
[Site "Scarborough"]
[Date "2024.10.26"]
[Round "3.10"]
[White "Hare, Chris"]
[Black "Johnson, Ian"]
[Result "1-0"]
[WhiteElo "1340"]
[BlackElo "1510"]
[PlyCount "115"]
[EventDate "2024.10.25"]
[EventType "swiss"]
[EventRounds "5"]
[EventCountry "ENG"]
[SourceTitle "BritBase"]
[Source "John Saunders"]
[SourceDate "2025.02.10"]
[SourceVersion "1"]
[SourceVersionDate "2025.02.10"]
[SourceQuality "1"]

1. e4 c6 2. d4 d5 3. f3 g6 4. Nc3 Bg7 5. Be3 e5 6. dxe5 Bxe5 7. Nge2 Ne7 8. Bd4 Qc7 9. Bxe5 Qxe5 10. Qd4 Qxd4 11. Nxd4 O-O 12. O-O-O Nd7 13. exd5 cxd5 14. Ndb5 Nb6 15. Nc7 Rb8 16. N7xd5 Nexd5 17. Nxd5 Nxd5 18. Rxd5 Be6 19. Rd2 Rfd8 20. Rxd8+ Rxd8 21. Bd3 Rd6 22. Rd1 Kf8 23. Be4 Rxd1+ 24. Kxd1 b6 25. b3 Ke7 26. Kd2 Kd6 27. c4 Kc5 28. Kc3 a5 29. a3 b5 30. cxb5 Kxb5 31. b4 axb4+ 32. axb4 Bc4 33. Bd3 Bxd3 34. Kxd3 Kxb4 35. Kd4 f6 36. h4 Kb3 37. g4 Kc2 38. h5 Kd2 39. Ke4 Ke2 40. f4 Kf2 41. hxg6 hxg6 42. g5 f5+ 43. Ke5 Kf3 44. Kf6 Kxf4 45. Kxg6 Kg4 46. Kh6 f4 47. g6 f3 48. g7 f2 49. g8=Q+ Kf3 50. Qf7+ Ke2 51. Qc4+ Ke1 52. Qe4+ Kf1 53. Kg5 Kg1 54. Qg4+ Kf1 55. Kh4 Ke1 56. Qe4+ Kf1 57. Kg3 Kg1 58. Qg2# 1-0

[Event "Scarborough Foundation 47th"]
[Site "Scarborough"]
[Date "2024.10.26"]
[Round "3.11"]
[White "Kluckova, Alzbeta"]
[Black "Farrow, Ian"]
[Result "1-0"]
[WhiteElo "1295"]
[BlackElo "1483"]
[PlyCount "37"]
[EventDate "2024.10.25"]
[EventType "swiss"]
[EventRounds "5"]
[EventCountry "ENG"]
[SourceTitle "BritBase"]
[Source "John Saunders"]
[SourceDate "2025.02.10"]
[SourceVersion "1"]
[SourceVersionDate "2025.02.10"]
[SourceQuality "1"]

1. e4 e5 2. Nf3 f5 3. d3 d6 4. Nc3 Nf6 5. Be2 Be7 6. O-O Nc6 7. exf5 Bxf5 8. Nh4 Qd7 9. Nxf5 Qxf5 10. f4 Nd4 11. fxe5 Qxe5 12. Bf3 O-O-O 13. Bg4+ Kb8 14. Bf4 Qa5 15. Be3 c5 16. Bxd4 cxd4 17. Ne4 Nd5 18. Qd2 Ne3 19. Qxa5 1-0

[Event "Scarborough Foundation 47th"]
[Site "Scarborough"]
[Date "2024.10.26"]
[Round "3.12"]
[White "Chadwick, Donna"]
[Black "Galloway, Peter"]
[Result "0-1"]
[WhiteElo "1187"]
[BlackElo "1481"]
[PlyCount "74"]
[EventDate "2024.10.25"]
[EventType "swiss"]
[EventRounds "5"]
[EventCountry "ENG"]
[SourceTitle "BritBase"]
[Source "John Saunders"]
[SourceDate "2025.02.10"]
[SourceVersion "1"]
[SourceVersionDate "2025.02.10"]
[SourceQuality "1"]

1. d4 d5 2. c4 Nf6 3. Nc3 e6 4. Nf3 c6 5. e3 Bb4 6. Bd2 Bxc3 7. Bxc3 Ne4 8. Qc2 Nxc3 9. Qxc3 O-O 10. Bd3 dxc4 11. Qxc4 Qd5 12. Qc2 Qa5+ 13. Nd2 Qh5 14. O-O Nd7 15. e4 e5 16. Nb3 exd4 17. Nxd4 Qc5 18. Qxc5 Nxc5 19. Bc2 g6 20. b4 Ne6 21. Nxe6 Bxe6 22. f4 Bc4 23. Rfe1 Rad8 24. f5 Rd2 25. Bb3 Bxb3 26. axb3 a6 27. f6 Rd4 28. Re3 Rfd8 29. Rae1 Rd1 30. Kf2 Rxe1 31. Rxe1 Kf8 32. e5 Rd5 33. e6 Rf5+ 34. Kg3 Rxf6 35. e7+ Ke8 36. Re4 Re6 37. Rh4 h5 0-1

[Event "Scarborough Foundation 47th"]
[Site "Scarborough"]
[Date "2024.10.26"]
[Round "3.13"]
[White "Gartside, Jenny"]
[Black "Kalmar, Henrik"]
[Result "0-1"]
[WhiteElo "1168"]
[BlackElo "1474"]
[PlyCount "64"]
[EventDate "2024.10.25"]
[EventType "swiss"]
[EventRounds "5"]
[EventCountry "ENG"]
[SourceTitle "BritBase"]
[Source "John Saunders"]
[SourceDate "2025.02.10"]
[SourceVersion "1"]
[SourceVersionDate "2025.02.10"]
[SourceQuality "1"]

1. d4 d5 2. Nc3 e5 3. e4 Bb4 4. Qd3 dxe4 5. Qxe4 Qxd4 6. Qxd4 exd4 7. a3 Bxc3+ 8. bxc3 dxc3 9. Ne2 Bf5 10. Kd1 Nc6 11. Bf4 Rd8+ 12. Kc1 Rd7 13. Nxc3 a6 14. Bc4 Nge7 15. Re1 O-O 16. Kb2 Rd4 17. Bxc7 Rxc4 18. Bd6 Be6 19. Kb3 Rd4+ 20. Rxe6 fxe6 21. Bxe7 Nxe7 22. f3 Rfd8 23. Re1 Kf7 24. Ne4 h6 25. Nc5 R8d6 26. Kc3 R4d5 27. Kc4 b5+ 28. Kb4 Nc6+ 29. Kc3 Rxc5+ 30. Kb3 Nd4+ 31. Kb4 Rc4+ 32. Ka5 Ra4# 0-1

[Event "Scarborough Foundation 47th"]
[Site "Scarborough"]
[Date "2024.10.26"]
[Round "3.14"]
[White "Smart, A David"]
[Black "Jones, Simon"]
[Result "1/2-1/2"]
[WhiteElo "1547"]
[BlackElo "1423"]
[PlyCount "43"]
[EventDate "2024.10.25"]
[EventType "swiss"]
[EventRounds "5"]
[EventCountry "ENG"]
[SourceTitle "BritBase"]
[Source "John Saunders"]
[SourceDate "2025.02.10"]
[SourceVersion "1"]
[SourceVersionDate "2025.02.10"]
[SourceQuality "1"]

1. d4 d5 2. Nf3 Nf6 3. e3 Bg4 4. Be2 e6 5. O-O Bd6 6. b3 O-O 7. Bb2 c5 8. Nbd2 Qc7 9. h3 Bxf3 10. Nxf3 Nbd7 11. Rc1 Qa5 12. a4 Rac8 13. Ba3 Ne4 14. Qe1 Qc7 15. Bd3 cxd4 16. Bxd6 Nxd6 17. exd4 Qc3 18. Qe2 Nf6 19. Qe5 Nde4 20. Qf4 Qc7 21. Qh4 Qb6 22. Qf4 1/2-1/2

[Event "Scarborough Foundation 47th"]
[Site "Scarborough"]
[Date "2024.10.26"]
[Round "3.15"]
[White "Rozman, Scarlett"]
[Black "Singh, Adamjeet"]
[Result "0-1"]
[WhiteElo "1413"]
[BlackElo "1541"]
[PlyCount "92"]
[EventDate "2024.10.25"]
[EventType "swiss"]
[EventRounds "5"]
[EventCountry "ENG"]
[SourceTitle "BritBase"]
[Source "John Saunders"]
[SourceDate "2025.02.10"]
[SourceVersion "1"]
[SourceVersionDate "2025.02.10"]
[SourceQuality "1"]

1. d4 Nf6 2. c4 g6 3. Nf3 Bg7 4. g3 d6 5. Bg2 Nbd7 6. O-O O-O 7. Nc3 c5 8. d5 a6 9. Bf4 Rb8 10. Qd2 b5 11. b3 b4 12. Nd1 Ne4 13. Qe3 Bxa1 14. Qxe4 Bh8 15. Ne3 Nf6 16. Qc2 Bd7 17. Re1 Ra8 18. Bg5 a5 19. h4 a4 20. Bxf6 Bxf6 21. Qe4 axb3 22. axb3 Ra1 23. Kh2 Qa5 24. Rd1 Rxd1 25. Nxd1 Bf5 26. Qf4 Qa1 27. Ne3 Bd7 28. Ng4 Bxg4 29. Qxg4 Qb2 30. h5 Kg7 31. Nh4 Qxb3 32. hxg6 fxg6 33. Nf5+ Kh8 34. Nh4 Rg8 35. Nf3 Qc2 36. Nh4 b3 37. Be4 Qxc4 38. Nxg6+ Rxg6 39. Qc8+ Rg8 40. Qf5 Qxe4 41. Qxe4 b2 42. f4 Rb8 43. Qb1 c4 44. g4 c3 45. g5 Bg7 46. g6 c2 0-1